[Event "CZE-chT2E 1415"]
[Site "Czech Republic"]
[Date "2015.02.22"]
[Round "8.7"]
[White "Pecha, Tomas"]
[Black "Horsak, Jan"]
[Result "1/2-1/2"]
[WhiteElo "2217"]
[BlackElo "2049"]
[PlyCount "130"]
[EventDate "2014.11.02"]
[EventType "team-tourn"]
[EventRounds "11"]
[EventCountry "CZE"]
[SourceTitle "EXT 2022"]
[Source "ChessBase"]
[SourceDate "2021.10.06"]
[SourceVersion "1"]
[SourceVersionDate "2021.10.06"]
[SourceQuality "1"]
[WhiteTeam "Brno Moravska Slavia"]
[BlackTeam "Stare Mesto II"]
[WhiteTeamCountry "CZE"]
[BlackTeamCountry "CZE"]

1. e4 d6 2. d4 Nf6 3. Nc3 g6 4. g3 Bg7 5. Bg2 0-0 6. Nge2 c6 7. 0-0 e5 8. h3 Be6 9. Be3 Qc8 10. Kh2 Na6 11. f4 exf4 12. Nxf4 Bc4 13. Re1 Nc7 14. Qd2 Re8 15. Nd3 Nb5 16. Nxb5 Bxb5 17. Nf2 c5 18. c3 Bc6 19. dxc5 dxc5 20. Bxc5 Bxe4 21. Bxe4 Qxc5 22. Bxb7 Red8 23. Qc2 Rab8 24. Bf3 Nd5 25. Bxd5 Rxd5 26. Rad1 h5 27. h4 Rf5 28. Re2 Qc4 29. b3 Qxc3 30. Qxc3 Bxc3 31. Kg2 Kf8 32. Ne4 Bb4 33. Ng5 Rc8 34. Rf1 Rxf1 35. Kxf1 Rc1+ 36. Kg2 Rd1 37. Nf3 Bd6 38. Re4 a5 39. Rd4 Rxd4 40. Nxd4 Ke8 41. Kf3 Kd7 42. Nc2 Kc6 43. g4 hxg4+ 44. Kxg4 Kd5 45. Ne3+ Ke4 46. Nc4 Bc7 47. h5 f5+ 48. Kg5 gxh5 49. Kxh5 Kf3 50. Kg5 f4 51. Nd2+ Ke2 52. Ne4 f3 53. Kf5 Kd3 54. Nf2+ Kc2 55. Ke4 Kb2 56. Kxf3 Kxa2 57. Ne4 Kxb3 58. Ke2 Bb6 59. Kd3 a4 60. Nd2+ Kb4 61. Nb1 Bd8 62. Nc3 a3 63. Kc2 Bg5 64. Nb1 a2 65. Kb2 a1Q+ 1/2-1/2

[Event "CZE-chT2E 1415"]
[Site "Czech Republic"]
[Date "2014.11.16"]
[Round "2.7"]
[White "Miculka, David"]
[Black "Pecha, Tomas"]
[Result "0-1"]
[WhiteElo "2056"]
[BlackElo "2217"]
[PlyCount "172"]
[EventDate "2014.11.02"]
[EventType "team-tourn"]
[EventRounds "11"]
[EventCountry "CZE"]
[SourceTitle "EXT 2022"]
[Source "ChessBase"]
[SourceDate "2021.10.06"]
[SourceVersion "1"]
[SourceVersionDate "2021.10.06"]
[SourceQuality "1"]
[WhiteTeam "Brno Lokomotiva II"]
[BlackTeam "Brno Moravska Slavia"]
[WhiteTeamCountry "CZE"]
[BlackTeamCountry "CZE"]

1. e4 e5 2. Nf3 Nc6 3. Bb5 a6 4. Ba4 Nf6 5. 0-0 Be7 6. Re1 b5 7. Bb3 d6 8. c3 0-0 9. h3 Na5 10. Bc2 c5 11. d4 Nd7 12. Nbd2 exd4 13. cxd4 Nc6 14. d5 Nce5 15. Nxe5 Nxe5 16. Nf1 Bf6 17. Ng3 Bh4 18. Re3 Bg5 19. Re1 Ng6 20. Qh5 Bxc1 21. Raxc1 Nf4 22. Qf3 Qg5 23. e5 Bb7 24. Ne4 Qh6 25. Nxd6 Bxd5 26. Be4 Bxe4 27. Qxe4 Ne6 28. Rc3 Qf4 29. Qxf4 Nxf4 30. Re4 Ne6 31. f4 f5 32. exf6 Rxf6 33. Rce3 Nxf4 34. Ne8 Rf7 35. Nd6 Rf6 36. Ne8 Rf7 37. Nd6 Rff8 38. Rf3 Ng6 39. Rxf8+ Nxf8 40. Re7 Rd8 41. Ne8 Rd7 42. Rxd7 Nxd7 43. Nc7 Nb8 44. Kf2 Kf7 45. Ke3 Ke7 46. Ke4 Kd7 47. Nd5 Nc6 48. Nf4 Kd6 49. Nh5 g6 50. Nf6 h5 51. Ne8+ Kd7 52. Nf6+ Ke7 53. Nd5+ Kd6 54. Nf4 Ne7 55. g4 hxg4 56. hxg4 c4 57. a3 a5 58. g5 a4 59. Ne2 Nc6 60. Nc3 Kc5 61. Nd5 Nd8 62. Nf4 Nf7 63. Nxg6 Nxg5+ 64. Ke3 Nf7 65. Nf4 Nd6 66. Ne6+ Kd5 67. Nc7+ Kc6 68. Ne6 c3 69. bxc3 Nc4+ 70. Kd3 Nxa3 71. Nd4+ Kb6 72. Kd2 Kc5 73. Kc1 Nc4 74. Ne6+ Kd5 75. Nc7+ Kc6 76. Na6 Ne3 77. Nb4+ Kc5 78. Kd2 Nd5 79. Na2 Kc4 80. Kc2 a3 81. Kd2 Kb3 82. Nc1+ Kb2 83. Nd3+ Kb1 84. Ne1 a2 85. Nc2 Kb2 86. Kd3 Ne3 0-1

[Event "SVK-chT2C 1314"]
[Site "Slovakia"]
[Date "2013.10.20"]
[Round "2.3"]
[White "Kantorik, Marian"]
[Black "Pecha, Tomas"]
[Result "1/2-1/2"]
[WhiteElo "2270"]
[BlackElo "2212"]
[PlyCount "69"]
[EventDate "2013.10.19"]
[EventType "team-tourn"]
[EventRounds "11"]
[EventCountry "SVK"]
[SourceTitle "EXT 2015"]
[Source "ChessBase"]
[SourceDate "2014.11.20"]
[SourceVersion "1"]
[SourceVersionDate "2014.11.20"]
[SourceQuality "1"]
[WhiteTeam "Liptovska Stiavnica"]
[BlackTeam "Zilina Mladost II"]
[WhiteTeamCountry "SVK"]
[BlackTeamCountry "SVK"]

1. d4 d5 2. c4 e6 3. Nc3 Nf6 4. cxd5 exd5 5. Bg5 Be7 6. Qc2 Nbd7 7. e3 0-0 8. Bd3 c6 9. Nge2 Re8 10. 0-0 Nf8 11. f3 Ng6 12. e4 dxe4 13. fxe4 Be6 14. Rad1 Qb6 15. Kh1 Rad8 16. b3 Qa5 17. e5 Nd5 18. Bxe7 Rxe7 19. Nxd5 cxd5 20. Qc3 Qb6 21. Rc1 Rc8 22. Qd2 Rec7 23. Rxc7 Rxc7 24. Rc1 Rxc1+ 25. Qxc1 Ne7 26. h3 Nc6 27. Qc3 g6 28. a3 a5 29. Kh2 Kg7 30. Bc2 Kg8 31. Qe3 Qc7 32. Nf4 Qb6 33. Ne2 Qc7 34. Nf4 Qb6 35. Ne2 1/2-1/2

[Event "CZE-chT1E 1213"]
[Site "Czech Republic"]
[Date "2013.02.10"]
[Round "7.5"]
[White "Pecha, Tomas"]
[Black "Mojzis, Jaroslav"]
[Result "0-1"]
[WhiteElo "2210"]
[BlackElo "2163"]
[PlyCount "70"]
[EventDate "2012.10.21"]
[EventType "team-tourn"]
[EventRounds "11"]
[EventCountry "CZE"]
[SourceTitle "EXT 2014"]
[Source "ChessBase"]
[SourceDate "2013.11.20"]
[SourceVersion "1"]
[SourceVersionDate "2013.11.20"]
[SourceQuality "1"]
[WhiteTeam "Beskydy Chess School II"]
[BlackTeam "Polabiny II"]
[WhiteTeamCountry "CZE"]
[BlackTeamCountry "CZE"]

1. e4 c5 2. Nf3 Nf6 3. Nc3 Nc6 4. d4 d5 5. exd5 Nxd5 6. Nxd5 Qxd5 7. c4 Qe4+ 8. Be3 cxd4 9. Nxd4 e5 10. Nxc6 Qxc6 11. a3 Be7 12. Qd5 Qc7 13. Be2 Be6 14. Qb5+ Bd7 15. Qb3 0-0 16. 0-0 Bc6 17. Rfd1 f5 18. Bd2 f4 19. Bf1 e4 20. Bb4 Rae8 21. Re1 Kh8 22. Rac1 a5 23. Bxe7 Qxe7 24. Rc2 a4 25. Qc3 Qg5 26. Rd2 e3 27. fxe3 fxe3 28. Rde2 Qf4 29. Rd1 h6 30. Qe1 Qxc4 31. Rc1 Qf4 32. Rec2 e2 33. Rxe2 Rxe2 34. Bxe2 Qe3+ 35. Kh1 Re8 0-1

[Event "SVK-chT1E 1213"]
[Site "Slovakia"]
[Date "2013.01.12"]
[Round "5.5"]
[White "Pecha, Tomas"]
[Black "Rojicek, Vojtech"]
[Result "1/2-1/2"]
[WhiteElo "2210"]
[BlackElo "2450"]
[PlyCount "83"]
[EventDate "2012.10.20"]
[EventType "team-tourn"]
[EventRounds "11"]
[EventCountry "SVK"]
[SourceTitle "EXT 2015"]
[Source "ChessBase"]
[SourceDate "2014.11.20"]
[SourceVersion "1"]
[SourceVersionDate "2014.11.20"]
[SourceQuality "1"]
[WhiteTeam "Zilina Mladost"]
[BlackTeam "Liptov Chess School"]
[WhiteTeamCountry "SVK"]
[BlackTeamCountry "SVK"]

1. e4 e5 2. Nf3 Nc6 3. d4 exd4 4. Nxd4 Bc5 5. Nb3 Bb6 6. Nc3 d6 7. Qe2 Nge7 8. Bg5 f6 9. Be3 0-0 10. 0-0-0 f5 11. f3 Kh8 12. Kb1 f4 13. Bxb6 axb6 14. Qd2 Be6 15. Nd5 Bxd5 16. exd5 Ne5 17. Nd4 Qd7 18. Ne6 Rf6 19. c4 c5 20. Re1 b5 21. Rxe5 dxe5 22. Nxc5 Qc8 23. Qb4 Nf5 24. Qxb5 Qc7 25. Ne6 Qd6 26. Bd3 Rxe6 27. Bxf5 Re7 28. Rd1 Rc7 29. Be4 Rac8 30. b3 g6 31. Rc1 b6 32. Qa6 Qb4 33. Rc2 Rd8 34. Kb2 Qc5 35. Qa3 Qd4+ 36. Kb1 Kg7 37. Qb2 Qxb2+ 38. Kxb2 Rdc8 39. a4 Kf6 40. Ka3 Ke7 41. Kb4 Kd6 42. Ra2 1/2-1/2

[Event "SVK-chT2C 1213"]
[Site "Slovakia"]
[Date "2012.12.15"]
[Round "5.1"]
[White "Pecha, Tomas"]
[Black "Marman, Vladimir"]
[Result "1/2-1/2"]
[WhiteElo "2210"]
[BlackElo "2185"]
[PlyCount "40"]
[EventDate "2012.10.13"]
[EventType "team-tourn"]
[EventRounds "11"]
[EventCountry "SVK"]
[SourceTitle "EXT 2015"]
[Source "ChessBase"]
[SourceDate "2014.11.20"]
[SourceVersion "1"]
[SourceVersionDate "2014.11.20"]
[SourceQuality "1"]
[WhiteTeam "Zilina Mladost II"]
[BlackTeam "Zilina DMS"]
[WhiteTeamCountry "SVK"]
[BlackTeamCountry "SVK"]

1. Nf3 d5 2. d4 c6 3. e3 Bf5 4. Nbd2 Nf6 5. b3 e6 6. Bb2 Bd6 7. Be2 Nbd7 8. 0-0 0-0 9. Ne5 Ne8 10. f4 f6 11. Nd3 Bg6 12. g4 f5 13. g5 Bf7 14. a4 Rc8 15. c4 Be7 16. c5 h6 17. h4 hxg5 18. hxg5 Bxg5 19. fxg5 Qxg5+ 20. Kf2 Qh4+ 1/2-1/2

[Event "SVK-chT2C 1213"]
[Site "Slovakia"]
[Date "2012.12.02"]
[Round "4.1"]
[White "Giertli, Vladimir"]
[Black "Pecha, Tomas"]
[Result "1/2-1/2"]
[WhiteElo "2080"]
[BlackElo "2210"]
[PlyCount "52"]
[EventDate "2012.10.13"]
[EventType "team-tourn"]
[EventRounds "11"]
[EventCountry "SVK"]
[SourceTitle "EXT 2015"]
[Source "ChessBase"]
[SourceDate "2014.11.20"]
[SourceVersion "1"]
[SourceVersionDate "2014.11.20"]
[SourceQuality "1"]
[WhiteTeam "Banska Bystrica Veza"]
[BlackTeam "Zilina Mladost II"]
[WhiteTeamCountry "SVK"]
[BlackTeamCountry "SVK"]

1. e4 e5 2. Nf3 Nc6 3. Bb5 a6 4. Ba4 Nf6 5. d3 d6 6. c3 g6 7. 0-0 Bg7 8. h3 0-0 9. Bg5 h6 10. Be3 Kh7 11. Nbd2 Ng8 12. Ne1 f5 13. f4 fxe4 14. fxe5 Rxf1+ 15. Kxf1 Nxe5 16. Nxe4 Nf6 17. Nxf6+ Qxf6+ 18. Kg1 Bf5 19. Bb3 Rf8 20. d4 Nf7 21. Nd3 Ng5 22. Nf2 Ne4 23. Nxe4 Bxe4 24. Qd2 d5 25. Re1 c6 26. Bd1 Rf7 1/2-1/2

[Event "SVK-chT1E 1213"]
[Site "Slovakia"]
[Date "2012.10.21"]
[Round "2.2"]
[White "Banas, Kamil"]
[Black "Pecha, Tomas"]
[Result "0-1"]
[WhiteElo "2228"]
[BlackElo "2210"]
[PlyCount "68"]
[EventDate "2012.10.20"]
[EventType "team-tourn"]
[EventRounds "11"]
[EventCountry "SVK"]
[SourceTitle "EXT 2014"]
[Source "ChessBase"]
[SourceDate "2013.11.20"]
[SourceVersion "1"]
[SourceVersionDate "2013.11.20"]
[SourceQuality "1"]
[WhiteTeam "Filakovo"]
[BlackTeam "Zilina Mladost"]
[WhiteTeamCountry "SVK"]
[BlackTeamCountry "SVK"]

1. d4 Nf6 2. c4 e6 3. g3 Bb4+ 4. Bd2 c5 5. Bxb4 cxb4 6. Bg2 0-0 7. e4 d6 8. Ne2 Qc7 9. Nd2 e5 10. 0-0 Nc6 11. d5 Nb8 12. a3 Na6 13. Qb3 Qb6 14. axb4 Nxb4 15. c5 dxc5 16. Nc4 Qc7 17. Nc3 Bd7 18. d6 Qb8 19. f4 Be6 20. fxe5 Nd7 21. Nd5 b5 22. Nce3 Nxe5 23. Nf5 Nxd5 24. exd5 Bxf5 25. Rxf5 Nc4 26. d7 Nd6 27. Re5 Qb6 28. Qf3 Nc4 29. Re7 Qd6 30. Rae1 Rad8 31. Bh3 Nb6 32. Rxf7 Rxf7 33. Be6 Rdxd7 34. Bxf7+ Rxf7 0-1

[Event "Split op 2nd"]
[Site "Split"]
[Date "2012.08.17"]
[Round "7"]
[White "Erben, Larissa"]
[Black "Pecha, Tomas"]
[Result "1/2-1/2"]
[WhiteElo "2057"]
[BlackElo "2263"]
[PlyCount "79"]
[EventDate "2012.08.11"]
[EventType "swiss"]
[EventRounds "9"]
[EventCountry "CRO"]
[SourceTitle "CBM 149 Extra"]
[Source "ChessBase"]
[SourceDate "2012.08.24"]
[SourceVersion "1"]
[SourceVersionDate "2012.08.24"]
[SourceQuality "1"]

1. e4 e5 2. Nf3 Nc6 3. Bb5 a6 4. Ba4 Nf6 5. 0-0 Be7 6. Re1 b5 7. Bb3 d6 8. c3 0-0 9. h3 Nb8 10. a4 Bb7 11. d3 Nbd7 12. Be3 c5 13. Nbd2 Qc7 14. c4 b4 15. Nf1 Ne8 16. Ng3 g6 17. Bh6 Ng7 18. Nh2 Bh4 19. Nf3 Bxg3 20. fxg3 f5 21. Ng5 Rae8 22. Rf1 fxe4 23. Rxf8+ Nxf8 24. Nxe4 Bxe4 25. dxe4 Qc6 26. Qd5+ Qxd5 27. cxd5 Nh5 28. Kf2 a5 29. Bc4 Nf6 30. Ke3 Kf7 31. Be2 N6d7 32. Rf1+ Kg8 33. Bb5 Rb8 34. b3 Rc8 35. Kd3 Rb8 36. Bc6 c4+ 37. bxc4 Nc5+ 38. Ke3 Nfd7 39. Bb5 Re8 40. Rf2 1/2-1/2

[Event "Split op 2nd"]
[Site "Split"]
[Date "2012.08.16"]
[Round "6"]
[White "Pecha, Tomas"]
[Black "Zivkovic, Elvis"]
[Result "1-0"]
[WhiteElo "2263"]
[BlackElo "1742"]
[PlyCount "49"]
[EventDate "2012.08.11"]
[EventType "swiss"]
[EventRounds "9"]
[EventCountry "CRO"]
[SourceTitle "CBM 149 Extra"]
[Source "ChessBase"]
[SourceDate "2012.08.24"]
[SourceVersion "1"]
[SourceVersionDate "2012.08.24"]
[SourceQuality "1"]

1. e4 d6 2. d4 Nf6 3. Nc3 e5 4. Nf3 Nbd7 5. Bc4 Be7 6. 0-0 h6 7. Re1 0-0 8. a4 a5 9. b3 Ne8 10. Bb2 exd4 11. Nxd4 Ne5 12. Bf1 Bh4 13. g3 Be7 14. f4 Ng6 15. Qf3 Bf6 16. Rad1 c5 17. Ndb5 Qe7 18. Nd5 Qd8 19. Nxf6+ gxf6 20. Rd2 Qb6 21. Red1 Ra6 22. Na3 Be6 23. Bxa6 bxa6 24. f5 c4+ 25. Qf2 1-0

[Event "Split op 2nd"]
[Site "Split"]
[Date "2012.08.14"]
[Round "4"]
[White "Bartl, Ulf"]
[Black "Pecha, Tomas"]
[Result "1/2-1/2"]
[WhiteElo "2027"]
[BlackElo "2263"]
[PlyCount "69"]
[EventDate "2012.08.11"]
[EventType "swiss"]
[EventRounds "9"]
[EventCountry "CRO"]
[SourceTitle "CBM 149 Extra"]
[Source "ChessBase"]
[SourceDate "2012.08.24"]
[SourceVersion "1"]
[SourceVersionDate "2012.08.24"]
[SourceQuality "1"]

1. d4 Nf6 2. c4 c5 3. d5 b5 4. cxb5 a6 5. bxa6 g6 6. Nc3 Bxa6 7. Nf3 Bg7 8. h3 0-0 9. e4 Bxf1 10. Kxf1 d6 11. Kg1 Nbd7 12. Kh2 Qa5 13. Re1 Rfb8 14. Re2 Ne8 15. Qc2 Nb6 16. Bd2 Qa6 17. Be1 Nc4 18. b3 Na3 19. Qd1 Nc7 20. Rc1 Qb7 21. Qd3 Na6 22. Nd1 Bh6 23. Ne3 Qb5 24. Qxb5 Rxb5 25. Bd2 Bxe3 26. Bxe3 Nb4 27. Ne1 f6 28. f4 Kf7 29. e5 Nxd5 30. exd6 exd6 31. Bd2 Rb7 32. Nf3 Nb5 33. Rc2 Na3 34. Rc1 Nb5 35. Rc2 1/2-1/2

[Event "Split op 2nd"]
[Site "Split"]
[Date "2012.08.12"]
[Round "2"]
[White "Buiano, Fabio"]
[Black "Pecha, Tomas"]
[Result "1/2-1/2"]
[WhiteElo "2037"]
[BlackElo "2263"]
[PlyCount "48"]
[EventDate "2012.08.11"]
[EventType "swiss"]
[EventRounds "9"]
[EventCountry "CRO"]
[SourceTitle "CBM 149 Extra"]
[Source "ChessBase"]
[SourceDate "2012.08.24"]
[SourceVersion "1"]
[SourceVersionDate "2012.08.24"]
[SourceQuality "1"]

1. e4 c5 2. Nc3 e6 3. f4 Nc6 4. Nf3 d6 5. Bb5 Nge7 6. 0-0 a6 7. Bxc6+ Nxc6 8. d3 Be7 9. Qe2 b5 10. Be3 0-0 11. Qf2 Bb7 12. e5 Nb4 13. exd6 Qxd6 14. Ng5 Rac8 15. Nce4 Qc6 16. Nf3 Nd5 17. Bd2 Qc7 18. Qg3 c4 19. dxc4 Qxc4 20. Nc3 Bf6 21. Ne5 Qc7 22. a3 Nxc3 23. Bxc3 Be4 24. Qf2 Rfd8 1/2-1/2

[Event "Pardubice Czech op-A 23rd"]
[Site "Pardubice"]
[Date "2012.07.25"]
[Round "6"]
[White "Pecha, Tomas"]
[Black "Kareva, Natalia"]
[Result "0-1"]
[WhiteElo "2263"]
[BlackElo "2080"]
[PlyCount "116"]
[EventDate "2012.07.12"]
[EventType "swiss"]
[EventRounds "9"]
[EventCountry "CZE"]
[SourceTitle "CBM 149 Extra"]
[Source "ChessBase"]
[SourceDate "2012.08.24"]
[SourceVersion "1"]
[SourceVersionDate "2012.08.24"]
[SourceQuality "1"]

1. e4 e6 2. Nf3 d5 3. Nc3 Nf6 4. e5 Nfd7 5. d4 c5 6. dxc5 Bxc5 7. Bd3 Nc6 8. Bf4 a6 9. 0-0 f6 10. exf6 Nxf6 11. Ne2 0-0 12. c4 Qb6 13. Qb3 Nb4 14. cxd5 exd5 15. Be5 Bg4 16. Ned4 Rae8 17. Rae1 Rxe5 18. Rxe5 Bxd4 19. Nxd4 Qxd4 20. Re3 Bd7 21. Rd1 Qc5 22. h3 Nxd3 23. Rdxd3 Bb5 24. Rd2 Bc4 25. Qc3 Ne4 26. Rxe4 dxe4 27. Rc2 b5 28. b3 e3 29. bxc4 exf2+ 30. Kf1 b4 31. Qd3 Kh8 32. Re2 Qg5 33. Rd2 a5 34. g3 Qf6 35. Qd4 Qf5 36. Rxf2 Qxh3+ 37. Ke2 Re8+ 38. Kf3 Qh1+ 39. Kf4 Qh6+ 40. Kg4 Qe6+ 41. Kh4 Kg8 42. Qd5 Qxd5 43. cxd5 Re5 44. Rd2 Kf7 45. Kg4 Ke7 46. d6+ Kd7 47. Kf4 Rb5 48. Ke4 a4 49. Kd4 b3 50. axb3 axb3 51. Kc3 b2 52. Rxb2 Rxb2 53. Kxb2 Kxd6 54. Kc3 Ke5 55. Kd3 Kf5 56. Ke3 Kg4 57. Kf2 Kh3 58. Kf3 g5 0-1

[Event "CZE-ch"]
[Site "Kouty nad Desnou"]
[Date "2012.05.16"]
[Round "5"]
[White "Pecha, Tomas"]
[Black "Straka, Vojtech"]
[Result "1/2-1/2"]
[WhiteElo "2243"]
[BlackElo "2259"]
[PlyCount "33"]
[EventDate "2012.05.12"]
[EventType "swiss"]
[EventRounds "9"]
[EventCountry "CZE"]
[SourceTitle "CBM 148 Extra"]
[Source "ChessBase"]
[SourceDate "2012.06.22"]
[SourceVersion "1"]
[SourceVersionDate "2012.06.22"]
[SourceQuality "1"]

1. d4 d5 2. c4 e6 3. Nc3 Nf6 4. Nf3 Be7 5. e3 0-0 6. Qc2 c5 7. dxc5 Bxc5 8. a3 a5 9. cxd5 exd5 10. Nb5 Qe7 11. Be2 Nc6 12. 0-0 Bg4 13. Rd1 Rac8 14. h3 Bh5 15. Nh4 Bxe2 16. Qxe2 Rfe8 17. Nf3 1/2-1/2

[Event "Frydek Mistek IM"]
[Site "Frydek Mistek"]
[Date "2012.04.07"]
[Round "7"]
[White "Pecha, Tomas"]
[Black "Svana, Peter"]
[Result "1/2-1/2"]
[WhiteElo "2260"]
[BlackElo "2274"]
[PlyCount "36"]
[EventDate "2012.04.02"]
[EventType "tourn"]
[EventRounds "9"]
[EventCountry "CZE"]
[EventCategory "2"]
[SourceTitle "CBM 147 Extra"]
[Source "ChessBase"]
[SourceDate "2012.04.24"]
[SourceVersion "1"]
[SourceVersionDate "2012.04.24"]
[SourceQuality "1"]

1. d4 Nf6 2. Nf3 e6 3. c4 Bb4+ 4. Nc3 Ne4 5. Bd2 Nxd2 6. Qxd2 c5 7. e3 0-0 8. a3 Qa5 9. Rc1 Bxc3 10. Qxc3 Qxc3+ 11. Rxc3 b6 12. Be2 Bb7 13. 0-0 Nc6 14. Rd1 cxd4 15. Nxd4 Ne7 16. Bf3 Bxf3 17. Nxf3 d5 18. cxd5 Nxd5 1/2-1/2

[Event "Frydek Mistek IM"]
[Site "Frydek Mistek"]
[Date "2012.04.06"]
[Round "6"]
[White "Petran, Peter"]
[Black "Pecha, Tomas"]
[Result "1/2-1/2"]
[WhiteElo "2299"]
[BlackElo "2260"]
[PlyCount "53"]
[EventDate "2012.04.02"]
[EventType "tourn"]
[EventRounds "9"]
[EventCountry "CZE"]
[EventCategory "2"]
[SourceTitle "CBM 147 Extra"]
[Source "ChessBase"]
[SourceDate "2012.04.24"]
[SourceVersion "1"]
[SourceVersionDate "2012.04.24"]
[SourceQuality "1"]

1. c4 e5 2. Nc3 Nf6 3. Nf3 Nc6 4. d4 exd4 5. Nxd4 Bc5 6. Nb3 Bb4 7. Bd2 Qe7 8. f3 Ne5 9. e4 c6 10. Qc2 d5 11. cxd5 cxd5 12. 0-0-0 dxe4 13. Bb5+ Bd7 14. Bxd7+ Nexd7 15. fxe4 0-0 16. Kb1 Nb6 17. Rde1 Rac8 18. Rhf1 Nc4 19. Rf3 Nxd2+ 20. Nxd2 Qe5 21. Rfe3 Rfd8 22. Nf3 Qa5 23. h3 h6 24. Qb3 Bxc3 25. Rxc3 Rxc3 26. Qxc3 Qb6 27. Qc2 1/2-1/2

[Event "Frydek Mistek IM"]
[Site "Frydek Mistek"]
[Date "2012.04.05"]
[Round "5"]
[White "Pecha, Tomas"]
[Black "Worek, Joanna"]
[Result "1/2-1/2"]
[WhiteElo "2260"]
[BlackElo "2255"]
[PlyCount "47"]
[EventDate "2012.04.02"]
[EventType "tourn"]
[EventRounds "9"]
[EventCountry "CZE"]
[EventCategory "2"]
[SourceTitle "CBM 147 Extra"]
[Source "ChessBase"]
[SourceDate "2012.04.24"]
[SourceVersion "1"]
[SourceVersionDate "2012.04.24"]
[SourceQuality "1"]

1. e4 c5 2. Nf3 d6 3. d4 cxd4 4. Nxd4 Nf6 5. Nc3 a6 6. Be2 e6 7. 0-0 Be7 8. Kh1 0-0 9. a4 Bd7 10. Be3 Nc6 11. Nb3 Na5 12. Nxa5 Qxa5 13. Qd2 Qc7 14. f4 Bc6 15. Bf3 b5 16. axb5 axb5 17. Qd4 Nd7 18. Qb4 Rxa1 19. Rxa1 Qb8 20. Be2 Rc8 21. Bd3 Bf8 22. Qa5 b4 23. Nb5 Nc5 24. Na7 1/2-1/2

[Event "CZE-ch U20"]
[Site "Kouty nad Desnou"]
[Date "2012.03.15"]
[Round "9"]
[White "Pecha, Tomas"]
[Black "Krejci, Jan1111"]
[Result "0-1"]
[WhiteElo "2260"]
[BlackElo "2486"]
[PlyCount "108"]
[EventDate "2012.03.09"]
[EventType "tourn"]
[EventRounds "11"]
[EventCountry "CZE"]
[EventCategory "1"]
[SourceTitle "CBM 147 Extra"]
[Source "ChessBase"]
[SourceDate "2012.04.24"]
[SourceVersion "1"]
[SourceVersionDate "2012.04.24"]
[SourceQuality "1"]

1. d4 d5 2. c4 c6 3. cxd5 cxd5 4. Nc3 Nc6 5. Nf3 Nf6 6. Bf4 Bf5 7. e3 e6 8. Bd3 Bxd3 9. Qxd3 Be7 10. h3 0-0 11. 0-0 a6 12. Rfc1 Qa5 13. a3 Rfc8 14. Qd1 Nd7 15. Na4 b5 16. Nc3 Qb6 17. Ne2 Qd8 18. Bg3 Nb6 19. Ne1 Nc4 20. Nd3 a5 21. a4 bxa4 22. Qxa4 Nb4 23. Nxb4 axb4 24. Qb3 Rxa1 25. Rxa1 Ra8 26. Rd1 h5 27. Nf4 h4 28. Bh2 Ra7 29. Nd3 Qa8 30. g4 hxg3 31. Bxg3 f6 32. Kh2 Qe8 33. Rc1 Qg6 34. Nxb4 Bxb4 35. Qxb4 Kh7 36. Qc3 Ra2 37. Qc2 Rxb2 38. Qxg6+ Kxg6 39. Rc3 Kf5 40. Kg2 g5 41. Kf3 e5 42. dxe5 fxe5 43. Kg2 Ke4 44. Bh2 Nd2 45. Rc1 Nc4 46. Rc3 Nd6 47. Ra3 Rc2 48. Bg3 Nc4 49. Rb3 d4 50. exd4 exd4 51. Rb8 d3 52. Re8+ Kf5 53. Rd8 d2 54. Bf4 gxf4 0-1

[Event "CZE-ch U20"]
[Site "Kouty nad Desnou"]
[Date "2012.03.13"]
[Round "6"]
[White "Kraus, Tomas"]
[Black "Pecha, Tomas"]
[Result "1/2-1/2"]
[WhiteElo "2142"]
[BlackElo "2260"]
[PlyCount "159"]
[EventDate "2012.03.09"]
[EventType "tourn"]
[EventRounds "11"]
[EventCountry "CZE"]
[EventCategory "1"]
[SourceTitle "CBM 147 Extra"]
[Source "ChessBase"]
[SourceDate "2012.04.24"]
[SourceVersion "1"]
[SourceVersionDate "2012.04.24"]
[SourceQuality "1"]

1. e4 e6 2. c4 b6 3. g3 Bb7 4. Bg2 Nf6 5. Nc3 c5 6. Nge2 a6 7. 0-0 Qc7 8. b3 d6 9. Bb2 Nbd7 10. d4 cxd4 11. Nxd4 Be7 12. Rc1 Rc8 13. f4 Qb8 14. Re1 0-0 15. g4 Ne8 16. Re3 d5 17. exd5 Qxf4 18. Re4 Qh6 19. dxe6 Bxe4 20. exd7 Qe3+ 21. Kh1 Bxg2+ 22. Kxg2 Rd8 23. dxe8Q Rfxe8 24. Nd5 Qe4+ 25. Qf3 Bc5 26. Rd1 Qe5 27. Bc3 Bd6 28. Rh1 Bc5 29. Nf5 Qe2+ 30. Qxe2 Rxe2+ 31. Kf3 Rxa2 32. b4 Bf8 33. Rd1 Re8 34. Rd2 Ra3 35. Kg2 a5 36. Bb2 Ra4 37. Nh6+ Kh8 38. Nxf7+ Kg8 39. Ne5 Bxb4 40. Nxb4 Rxb4 41. Bd4 b5 42. Nc6 Rxc4 43. Nxa5 Ra4 44. Nc6 Re6 45. Ne5 Rxd4 46. Rxd4 Rxe5 47. Rd7 Re2+ 48. Kg3 Rb2 49. Rb7 h6 50. h3 Kh7 51. Rb6 b4 52. Kf3 b3 53. Kg3 Rb1 54. Kg2 Kg8 55. Kh2 Kf7 56. Kg2 Ke7 57. Rb7+ Kf6 58. Kh2 Rb2+ 59. Kg3 Rb1 60. Kg2 g6 61. Rb6+ Kf7 62. Kh2 b2 63. Kg2 Ke7 64. Kh2 Kd7 65. Kg2 Kc7 66. Rb3 Kd6 67. Kh2 Kc5 68. Kg2 Kc4 69. Rb8 Kc3 70. Rc8+ Kd3 71. Rd8+ Ke3 72. Rb8 Kf4 73. Rb5 Ke4 74. Rb8 Ke5 75. Rb4 Kd5 76. Rb8 Kc4 77. Rb7 Kd3 78. Rd7+ Ke3 79. Rb7 Re1 80. Rb3+ 1/2-1/2

[Event "CZE-ch U20"]
[Site "Kouty nad Desnou"]
[Date "2012.03.09"]
[Round "1"]
[White "Rabatin, Jakub"]
[Black "Pecha, Tomas"]
[Result "1/2-1/2"]
[WhiteElo "2159"]
[BlackElo "2260"]
[PlyCount "29"]
[EventDate "2012.03.09"]
[EventType "tourn"]
[EventRounds "11"]
[EventCountry "CZE"]
[EventCategory "1"]
[SourceTitle "CBM 147 Extra"]
[Source "ChessBase"]
[SourceDate "2012.04.24"]
[SourceVersion "1"]
[SourceVersionDate "2012.04.24"]
[SourceQuality "1"]

1. e4 e5 2. Nf3 Nf6 3. Nxe5 d6 4. Nf3 Nxe4 5. Nc3 Nxc3 6. dxc3 Be7 7. Bf4 Be6 8. Qd2 Nc6 9. 0-0-0 Qd7 10. Kb1 h6 11. Bb5 a6 12. Bxc6 bxc6 13. Nd4 Bd5 14. Rhe1 c5 15. Nf5 1/2-1/2